[Event "FIDE Zonal 2.5 Open 2019"]
[Site "Montevideo"]
[Date "2019.04.15"]
[Round "4.26"]
[White "Lanaro, Emilio"]
[Black "Barreto Filho, Carlos Alberto"]
[Result "1/2-1/2"]
[WhiteElo "1694"]
[BlackElo "2293"]
[Annotator "TA"]
[PlyCount "99"]
[EventDate "2019.04.13"]
[EventType "swiss"]
[EventCountry "URU"]
[SourceTitle "playchess.com"]
[Source "ChessBase"]
[SourceQuality "1"]

{[%evp 11,99,20,28,9,25,24,29,18,34,20,35,44,40,18,28,13,24,20,29,8,37,29,31,29,69,82,312,308,375,339,378,175,164,183,169,162,187,178,188,146,145,112,115,111,109,123,102,67,77,78,77,77,85,71,81,44,36,0,0,0,88,88,88,88,121,60,92,23,17,6,10,6,20,2,9,-87,-85,-77,-72,-93,-93,-102,-95,-100,-7,-24,-7,-7,-9,-12]} 1. e4 e5 2. Nf3 Nc6 3. Bc4 Bc5 4. c3 Nf6 5. d3 h6 6. O-O d6 7. Bb3 {C54: Giuoco Piano: 4 c3 Nf6, main lines with 5 d4 and 5 d3} (7. Re1 O-O 8. Nbd2 a5 9. Nf1 Be6 10. Bb5 Ne7 11. d4 exd4 12. cxd4 Bb6 13. Ng3 d5 14. e5 Ne4 15. Nxe4 dxe4 16. Rxe4 {1-0 (31) Adhiban,B (2683)-Grandelius,N (2694) Astana 2019}) 7... Bg4 8. h3 Bh5 9. Re1 {White has an edge.} Bb6 10. Nbd2 {[%cal Bb1d2,Bd2f1,Bf1g3][%mdl 32]} O-O 11. Nf1 Nd7 12. Ng3 Bg6 13. a4 $146 ({Predecessor:} 13. a3 Kh8 14. Ba2 Qe7 {1-0 (43) Lach,A (1822)-Wydra,T (1800) Polanica Zdroj 2005}) 13... Nc5 14. Bc2 {[#] b4 is the strong threat.} a5 15. d4 Nd7 16. Be3 exd4 17. Nxd4 Nce5 18. Qe2 c6 $2 {[#]} (18... Nc6 $16) 19. f4 $18 c5 20. Nb5 ({Stronger than} 20. fxe5 cxd4 21. cxd4 dxe5 $11) 20... Qh4 21. fxe5 (21. Kh2 $142) 21... Qxg3 22. exd6 Rae8 23. Bf2 Qe5 24. Qf3 Re6 25. Bg3 Qg5 26. h4 Qd8 27. c4 Ne5 28. Bxe5 Rxe5 29. Qg4 Rfe8 30. b3 h5 31. Qg3 Qd7 32. Rad1 Bd8 {[%cal Rg6e4]} 33. Nc3 Bf6 34. Nd5 (34. Qf4 {feels hotter.} R5e6 35. Nb5 Be5 36. Qf2 b6 37. Rd5) 34... Qxd6 35. Rf1 Rxd5 (35... Bd8 $1 $11 {keeps the balance.}) 36. Qxd6 $16 Rxd6 37. Rxd6 Bxh4 38. Rfd1 (38. Rb6 $16) 38... Bf6 39. Rd7 (39. R1d5 $16) 39... Bd4+ $1 $11 40. Kf1 b6 41. Rd6 Rb8 42. Ke2 Kf8 43. Kf3 (43. Rd7 $11 {remains equal.}) 43... Ke7 $17 {[%mdl 1024] Black has strong compensation.} 44. Rd5 f6 45. Ke2 Bf7 46. Rf5 Be6 47. Rh1 Bxf5 (47... g6 $17 48. Rff1 Rd8) 48. exf5 $11 Re8 49. Kf3 Kd6 {White should prevent ...Re3+.} 50. Be4 {Accuracy: White = 43%, Black = 52%.} 1/2-1/2

[Event "FIDE Zonal 2.5 Open 2019"]
[Site "Montevideo"]
[Date "2019.04.16"]
[Round "5.1"]
[White "Mareco, Sandro"]
[Black "Salinas Herrera, Pablo"]
[Result "1/2-1/2"]
[WhiteElo "2651"]
[BlackElo "2483"]
[Annotator "TA"]
[PlyCount "90"]
[EventDate "2019.04.13"]
[EventType "swiss"]
[EventCountry "URU"]
[SourceTitle "playchess.com"]
[Source "ChessBase"]
[SourceQuality "1"]

{[%evp 23,90,34,58,37,74,74,76,75,70,68,146,144,110,106,149,84,97,-11,-7,-60,-64,-244,-249,-172,-121,-128,-108,-82,-50,-47,-29,-98,-86,-76,0,0,0,0,0,0,71,0,0,0,0,0,11,0,0,0,0,0,271,0,0,0,0,0,0,0,0,0,0,0,0,0,0,0,0]} 1. e4 c5 2. Nc3 a6 3. g3 d6 4. Bg2 g6 5. Nge2 Bg7 6. d4 cxd4 7. Nxd4 Nf6 8. O-O O-O 9. h3 Nc6 10. Be3 Bd7 11. a4 Rc8 12. Nde2 Ne5 13. b3 {B70: Sicilian Dragon: 6 g3 and 6 Be2 (without a later Be3)} Rxc3 $146 ({Predecessor:} 13... Qa5 14. Nd5 Nxd5 15. exd5 Bxh3 16. Bxh3 Nf3+ 17. Kg2 Bxa1 18. Bxc8 Rxc8 19. Kxf3 Be5 20. c4 {1-0 (20) Srbis,J (2431)-Lalic,K (2194) Podturen 2019}) 14. Nxc3 Qc8 15. Ne2 {White is better.} Bxh3 16. f3 $1 d5 ({Black should play} 16... Bxg2 $14 17. Kxg2 Nxe4) 17. exd5 $16 Rd8 18. c4 b5 19. axb5 (19. Rc1 $142 $1) 19... axb5 20. Bxh3 (20. Bb6 $16 {aiming for Bxh3.} Bxg2 21. Kxg2) 20... Qxh3 $11 21. Bd4 (21. cxb5 $2 Nfg4 $1 $17 {[%mdl 512]}) (21. Rc1 $11) 21... Nh5 $15 22. Bxe5 $2 (22. Ra2 $15) 22... Bxe5 $19 23. Ra2 Nxg3 (23... bxc4 $19 24. bxc4 Bd6) 24. Nxg3 $17 Qxg3+ ({Stronger than} 24... Bxg3 25. Qd4 $14) 25. Rg2 Qf4 26. Qd2 Qf6 27. Rg4 (27. Qg5 $11) 27... bxc4 28. bxc4 Rb8 ({Black should try} 28... h5 $17 29. Re4 Bd6) 29. Qe3 $11 Bc7 30. c5 $36 {[%mdl 2048] Black is under pressure.} Rd8 31. Rd1 Qf5 {[#]} (31... Ra8 $11) 32. Qe4 (32. Re4 $1 $16) 32... Qf6 33. Qe3 Ra8 34. Re4 h5 35. Rxe7 Bf4 36. Qe2 Qg5+ 37. Kf1 {And now Re8+ would win.} Ra3 $2 {[%mdl 8192] [#]} (37... Qh4 $11 {and Black is okay.} 38. Re8+ Kh7) 38. Re8+ $2 (38. d6 $1 $18 {[%cal Rd6d7]} Qh4 39. Qg2) 38... Kh7 {The position is equal.} 39. Rh8+ Kxh8 40. Qb2+ Kh7 41. Qxa3 {Black must now prevent Qa7.} h4 {[%cal Bh5h4,Bh4h3,Bh3h2][%mdl 32] Strongly threatening ...h3.} 42. Qa2 {Hoping for d6.} h3 $1 {[%cal Rh3h2] Threatens to win with ...h2.} 43. d6 $1 h2 $1 44. Qxf7+ Kh6 {( -> ...Qg1+)} 45. Qf8+ ({Don't blunder} 45. Ke2 $2 Qg2+ 46. Kd3 Qxf3+ 47. Kc4 Qe2+ 48. Rd3 Qc2+ 49. Kd4 Qa4+ 50. Qc4 Be5+ 51. Kxe5 Qxc4 $19) 45... Kh7 {Precision: White = 56%, Black = 56%.} 1/2-1/2

[Event "FIDE Zonal 2.5 Open 2019"]
[Site "Montevideo"]
[Date "2019.04.16"]
[Round "5.2"]
[White "Henriquez Villagra, Cristobal"]
[Black "Pichot, Alan"]
[Result "1/2-1/2"]
[WhiteElo "2543"]
[BlackElo "2566"]
[Annotator "ChessBase"]
[PlyCount "71"]
[EventDate "2019.04.13"]
[EventType "swiss"]
[EventCountry "URU"]
[SourceTitle "playchess.com"]
[Source "ChessBase"]
[SourceQuality "1"]
[TimeControl "40/5400+30:1800+30"]

1. d4 {[%emt 0:08:14]} Nf6 {[%emt 0:03:14]} 2. c4 {[%emt 0:00:07]} e6 {[%emt 0:00:10]} 3. Nc3 {[%emt 0:00:12]} c5 {[%emt 0:02:53]} 4. d5 {[%emt 0:01:35]} exd5 {[%emt 0:00:05]} 5. cxd5 {[%emt 0:00:04]} d6 {[%emt 0:00:04]} 6. Nf3 {[%emt 0:04:28]} g6 {[%emt 0:00:08]} 7. e4 {[%emt 0:01:13]} Bg7 {[%emt 0:00:05]} 8. Nd2 {[%emt 0:00:32]} O-O {[%emt 0:02:49]} 9. Be2 {[%emt 0:00:12]} Re8 {[%emt 0:01:59]} 10. O-O {[%emt 0:00:33]} Na6 {[%emt 0:11:59]} 11. Re1 {[%emt 0:19:40]} Nc7 {[%emt 0:01:14]} 12. a4 {[%emt 0:00:38]} b6 {[%emt 0:03:23]} 13. Qc2 {[%emt 0:12:54]} Na6 {[%emt 0:05:57]} 14. h3 {[%emt 0:04:19]} Nb4 {[%emt 0:02:25]} 15. Qd1 {[%emt 0:00:15]} Nd7 {[%emt 0:08:00]} 16. Bb5 {[%emt 0:06:58]} Ne5 {[%emt 0:13:21]} 17. Bxe8 {[%emt 0:02:52]} Qxe8 {[%emt 0:00:05]} 18. Nb5 {[%emt 0:04:17]} Qd7 {[%emt 0:02:14]} 19. Nf3 {[%emt 0:03:40]} Nxf3+ {[%emt 0:07:05]} 20. Qxf3 {[%emt 0:01:57]} Nc2 {[%emt 0:02:10]} 21. Bf4 {[%emt 0:01:56]} Bxb2 {[%emt 0:05:20]} 22. Rab1 {[%emt 0:01:44]} Nxe1 {[%emt 0:00:07]} 23. Rxe1 {[%emt 0:00:05]} Ba6 {[%emt 0:07:27]} 24. Nxd6 {[%emt 0:00:25]} f6 {[%emt 0:00:52]} 25. Qg3 {[%emt 0:09:26]} Rd8 {[%emt 0:01:38]} 26. e5 {[%emt 0:05:06]} fxe5 {[%emt 0:03:08]} 27. Rxe5 {[%emt 0:00:04]} Rf8 {[%emt 0:04:13]} 28. Re4 {[%emt 0:03:15]} Bd4 {[%emt 0:01:43]} 29. Be3 {[%emt 0:03:19]} Bf6 {[%emt 0:00:53]} 30. Bh6 {[%emt 0:01:13]} Bg7 {[%emt 0:02:00]} 31. Bxg7 {[%emt 0:02:42]} Qxg7 {[%emt 0:00:01]} 32. Ne8 {[%emt 0:00:16]} Qf7 {[%emt 0:02:15]} 33. Qe5 {[%emt 0:01:17]} Qxf2+ {[%emt 0:04:42]} 34. Kh2 {[%emt 0:00:01]} Qf7 {[%emt 0:00:05]} 35. d6 {[%emt 0:00:37]} Bb7 {[%emt 0:00:24]} 36. Nf6+ {[%emt 0:01:20]} 1/2-1/2

[Event "FIDE Zonal 2.5 Open 2019"]
[Site "Montevideo"]
[Date "2019.04.16"]
[Round "5.3"]
[White "Real De Azua, Ernesto"]
[Black "Delgado Ramirez, Neuris"]
[Result "1/2-1/2"]
[WhiteElo "2474"]
[BlackElo "2616"]
[Annotator "TA"]
[PlyCount "51"]
[EventDate "2019.04.13"]
[EventType "swiss"]
[EventCountry "URU"]
[SourceTitle "playchess.com"]
[Source "ChessBase"]
[SourceQuality "1"]

{[%evp 12,51,9,10,3,14,8,0,9,0,0,0,0,0,20,0,33,17,34,35,30,0,27,24,23,-25,-40,-25,0,0,48,44,30,27,37,41,53,25,78,38,61,53]} 1. d4 Nf6 2. c4 e6 3. Nc3 Bb4 4. g3 c5 5. Nf3 Ne4 6. Qc2 cxd4 7. Nxd4 Nxc3 {E20: Nimzo-Indian: 4 g3 and 4 f3} 8. bxc3 Be7 9. Bg2 a6 {The position is equal.} 10. O-O (10. Bf4 O-O 11. Rb1 Nc6 12. O-O Na5 13. Qd3 d6 14. Nb3 Nc6 15. Rfd1 {1-0 (41) Edouard,R (2644)-Lopez Martinez,J (2580) Sitges 2018}) 10... d6 11. c5 $146 ({Predecessor:} 11. Rb1 Qc7 12. Rd1 Nd7 13. Qa4 O-O 14. Nb3 Rb8 15. Bf4 {0-1 (47) Mastrovasilis,A (2537)-Antic,D (2487) Valjevo 2011}) 11... dxc5 12. Nf3 f6 13. Bf4 O-O 14. Rfd1 {[%mdl 1024] White has compensation.} Qe8 15. Nd2 e5 16. Be3 Nc6 (16... f5 $5 {[%cal Rf5f4]} 17. Qb3+ Kh8 18. Bxb7 Bxb7 19. Qxb7 Nc6 $11) 17. Qb3+ Kh8 18. Ne4 Na5 19. Qd5 Bg4 {[#] Strongly threatening ...Rd8.} 20. Bxc5 Nc6 (20... Rd8 $5 {[%cal Rd8d5]} 21. Nd6 Qg6 $11) 21. Qc4 b5 22. Qd3 {And now Nd6 would win.} Rd8 23. Qe3 Bxc5 24. Nxc5 {Black must now prevent Qe4.} Bc8 (24... Rc8 $11) 25. Rxd8 (25. Qe4 $5 {[%cal Re4c6]} Ne7 26. Qb4 $14) 25... Nxd8 26. a4 {Accuracy: White = 65%, Black = 45%.} 1/2-1/2

[Event "FIDE Zonal 2.5 Open 2019"]
[Site "Montevideo"]
[Date "2019.04.16"]
[Round "5.4"]
[White "Perez Ponsa, Federico"]
[Black "Michailov, Matias"]
[Result "1-0"]
[WhiteElo "2562"]
[BlackElo "2264"]
[Annotator "RC"]
[PlyCount "127"]
[EventDate "2019.04.13"]
[EventType "swiss"]
[EventCountry "URU"]
[SourceTitle "playchess.com"]
[Source "ChessBase"]
[SourceQuality "1"]
[TimeControl "40/5400+30:1800+30"]

1. e4 {[%emt 0:10:41]} c5 {[%emt 0:01:30]} 2. Nf3 {[%emt 0:00:32]} d6 {[%emt 0:00:08]} 3. d4 {[%emt 0:01:13]} cxd4 {[%emt 0:00:10]} 4. Qxd4 {[%emt 0:01:21]} a6 {[%emt 0:03:56]} 5. h3 {[%emt 0:00:50]} Nc6 {[%emt 0:00:36]} 6. Qe3 {[%emt 0:00:06]} g6 {[%emt 0:02:55]} 7. Be2 {[%emt 0:01:16]} Nf6 {[%emt 0:03:30]} 8. c4 {[%emt 0:01:42]} Bg7 {[%emt 0:00:27]} 9. O-O {[%emt 0:00:42]} O-O {[%emt 0:01:29]} 10. Nc3 {[%emt 0:00:11]} Nd7 {[%emt 0:03:41]} 11. b3 {[%emt 0:03:02]} Nde5 {[%emt 0:10:00]} 12. Rd1 {[%emt 0:13:35]} Qa5 {[%emt 0:06:05]} 13. Nxe5 {[%emt 0:03:12]} Bxe5 {[%emt 0:12:09]} 14. Bb2 {[%emt 0:06:35]} Qc5 {[%emt 0:02:52]} 15. Qd2 {[%emt 0:01:47]} Be6 {[%emt 0:09:02]} 16. Rac1 {[%emt 0:02:00]} Bd4 {[%emt 0:06:52]} 17. Bf3 {[%emt 0:02:32]} Qe5 {[%emt 0:01:13]} 18. Na4 {[%emt 0:03:51]} Bxb2 {[%emt 0:01:01]} 19. Nxb2 {[%emt 0:00:20]} a5 {[%emt 0:03:14]} 20. Na4 {[%emt 0:03:48]} Qf6 {[%emt 0:11:35]} 21. Qe3 {[%emt 0:02:49]} Rad8 {[%emt 0:03:22]} 22. Rd2 {[%emt 0:04:07]} Ne5 {[%emt 0:08:03]} 23. Be2 {[%emt 0:00:47]} g5 {[%emt 0:00:06]} 24. c5 {[%emt 0:03:37]} Kg7 {[%emt 0:04:25]} 25. Rcd1 {[%emt 0:00:56]} Qf4 {[%emt 0:00:18]} 26. Qc3 {[%emt 0:06:21]} Qxe4 {[%emt 0:01:49]} 27. Qxa5 {[%emt 0:00:13]} d5 {[%emt 0:01:40]} 28. Nc3 {[%emt 0:01:41]} Qf4 {[%emt 0:00:51]} 29. Nxd5 {[%emt 0:01:57]} Bxd5 {[%emt 0:00:37]} 30. Rxd5 {[%emt 0:00:02]} Rxd5 {[%emt 0:00:30]} 31. Rxd5 {[%emt 0:00:02]} e6 {[%emt 0:00:24]} 32. Rd1 {[%emt 0:00:44]} h5 {[%emt 0:00:28]} 33. Qc3 {[%emt 0:01:51]} Qf6 {[%emt 0:00:39]} 34. Bxh5 {[%emt 0:01:17]} Rh8 {[%emt 0:00:21]} 35. Re1 {[%emt 0:03:07]} Nd7 {[%emt 0:00:43]} 36. Qxf6+ {[%emt 0:01:38]} Kxf6 {[%emt 0:00:01]} 37. Bf3 {[%emt 0:00:07]} Nxc5 {[%emt 0:00:04]} 38. b4 {[%emt 0:00:28]} Nd3 {[%emt 0:00:25]} 39. Rb1 {[%emt 0:00:11]} Rb8 {[%emt 0:01:32]} 40. a4 {[%emt 0:01:13]} Ne5 {[%emt 0:00:34]} 41. Be4 {[%emt 0:33:21]} Ke7 {[%emt 0:12:02]} 42. g4 {[%emt 0:00:00]} Kd6 {[%emt 0:07:39]} 43. Rd1+ {[%emt 0:00:00]} Kc7 {[%emt 0:00:28]} 44. Rc1+ {[%emt 0:00:00]} Kd6 {[%emt 0:02:11]} 45. Rc5 {[%emt 0:00:00]} f5 {[%emt 0:05:52]} 46. gxf5 {[%emt 0:00:00]} exf5 {[%emt 0:00:03]} 47. Bxf5 {[%emt 0:00:00]} b6 {[%emt 0:01:22]} 48. Rc3 {[%emt 0:00:00]} Ra8 {[%emt 0:00:06]} 49. Bc2 {[%emt 0:00:00]} Ra7 {[%emt 0:01:27]} 50. Kg2 {[%emt 0:00:00]} Nc6 {[%emt 0:01:01]} 51. Rc4 {[%emt 0:00:00]} Ne5 {[%emt 0:03:04]} 52. Rd4+ {[%emt 0:00:00]} Ke6 {[%emt 0:00:29]} 53. Bb3+ {[%emt 0:00:00]} Kf5 {[%emt 0:00:32]} 54. Rd6 {[%emt 0:00:00]} Rc7 {[%emt 0:00:25]} 55. Rxb6 {[%emt 0:00:00]} Nd3 {[%emt 0:00:29]} 56. Rb5+ {[%emt 0:00:00]} Kf4 {[%emt 0:00:28]} 57. Bd1 {[%emt 0:00:00]} Rc1 {[%emt 0:00:55]} 58. Bg4 {[%emt 0:00:00]} Ne1+ {[%emt 0:00:29]} 59. Kh2 {[%emt 0:00:00]} Nd3 {[%emt 0:00:25]} 60. Rf5+ {[%emt 0:00:00]} Ke4 {[%emt 0:00:10]} 61. b5 {[%emt 0:00:00]} Ra1 {[%emt 0:00:34]} 62. b6 {[%emt 0:00:00]} Rxa4 {[%emt 0:00:31]} 63. b7 {[%emt 0:00:00]} Rb4 {[%emt 0:00:15]} 64. Rf8 {[%emt 0:00:00]} 1-0

[Event "FIDE Zonal 2.5 Open 2019"]
[Site "Montevideo"]
[Date "2019.04.16"]
[Round "5.5"]
[White "Roselli Mailhe, Bernardo"]
[Black "Tristan, Leonardo"]
[Result "1-0"]
[WhiteElo "2454"]
[BlackElo "2504"]
[Annotator "TA"]
[PlyCount "111"]
[EventDate "2019.04.13"]
[EventType "swiss"]
[EventCountry "URU"]
[SourceTitle "playchess.com"]
[Source "ChessBase"]
[SourceQuality "1"]

{[%evp 9,111,24,23,24,32,28,31,30,32,32,35,30,39,38,37,31,37,0,28,-79,-82,-91,-87,-91,-99,-94,-94,-51,-79,-61,-65,-87,39,-8,-8,-8,-8,-20,-8,-8,-8,-8,-8,-8,-19,-14,-15,-83,-29,-35,-11,-13,0,-8,0,-13,-8,-8,0,0,28,28,32,33,157,151,130,68,68,67,77,0,80,75,732,635,29979,725,29979,638,29982,442,1247,1194,960,949,29979,29980,29980,29981,29987,29973,29960,29959,29942,12846,5587,1475,5953,1991,29984,29985,29992,29993]} 1. d4 Nf6 2. c4 e6 3. Nf3 d5 4. Nc3 a6 5. cxd5 exd5 6. Bg5 {D37: Queen's Gambit Declined: 5 Bf4} Be6 7. e3 Nbd7 8. Bd3 {White is slightly better.} Bd6 (8... h6 9. Bf4 g5 10. Bg3 Nh5 11. Be5 Nhf6 12. Bg3 Nh5 13. Ne2 Nxg3 14. Nxg3 {1-0 (61) Leko,P (2679)-Caruana,F (2832) Germany 2019}) 9. Bf4 Qe7 10. O-O c6 11. h3 h6 $146 ({Predecessor:} 11... O-O 12. Re1 Rfd8 13. Rc1 Rac8 14. Ne5 Ne8 15. Nxd7 Bxd7 16. Na4 Qf6 17. Nb6 Rb8 18. Nxd7 {½-½ (18) Shimanov,A (2623)-Rakhmanov,A (2670) Astana 2017}) 12. Ne5 g5 13. Bh2 g4 14. f4 (14. hxg4 Bxe5 15. dxe5 Nxg4 $15) (14. Nxg4 $11 {remains equal.} Nxg4 15. Bxd6 (15. hxg4 Bxh2+ 16. Kxh2 h5 $11) 15... Qxd6 16. hxg4) 14... Rg8 $1 $17 (14... gxh3 15. f5 $11) 15. g3 gxh3 16. f5 Nxe5 17. dxe5 Bxe5 {Threatens to win with ...Bd7.} 18. fxe6 fxe6 19. Ne2 Ng4 ({Of course not} 19... Bxb2 $6 20. Rb1 $14) 20. Nf4 Qc5 ({Stronger than} 20... Bxb2 21. Rb1 $18) (20... O-O-O $1 $17 21. Qe2 c5) 21. Bg6+ {[#]} (21. Kh1 $5 {[%cal Rd3g6]} Bxf4 22. Rxf4 $14) 21... Rxg6 $1 {[%mdl 512]} 22. Nxg6 Qxe3+ {[%mdl 64] Double Attack} 23. Kh1 {[#]} Qf2 $1 {[%cal Rf2h2][%mdl 512]} 24. Rxf2 Nxf2+ 25. Kg1 Nxd1 26. Nxe5 Nxb2 27. g4 Nc4 28. Re1 (28. Kf2 $11) 28... Nxe5 (28... Ke7 $17 {White must now prevent ...Nxe5.} 29. Rb1 Kf6 30. Nd7+ Kg5 31. Rxb7 Kh4) 29. Bxe5 {[%mdl 4096] Endgame KRB-KR} Ke7 {Hoping for ...Rg8.} 30. Kh2 Rf8 31. Kg3 c5 32. Bg7 Rg8 33. Bxh6 d4 34. Kxh3 Rh8 35. g5 c4 36. Kg4 d3 (36... c3 $14 37. Bg7 Rc8) 37. Bg7 $16 Rh2 38. Bf6+ ({White should play} 38. Rf1 $1 $16) 38... Kf7 $14 39. Be5 $1 Rf2 {[#]} 40. Rh1 ({White should try} 40. Kh5 $1 $16) 40... Rf5 {[#]} (40... b5 $11 {keeps the balance.}) 41. Bc3 $1 $16 {Rh7+ is the strong threat.} Rd5 $2 {[%mdl 8192]} (41... Rf2 $16) 42. Rh7+ $18 Kg8 43. Rh2 (43. g6 $142 e5 44. Rh2 (44. Bd2 c3 $11) 44... a5 45. Kf5 d2 46. Rxd2 Rxd2 47. Bxd2 Kf8 48. Bxa5) 43... b5 44. a3 (44. g6 $142 e5 45. Kf5 d2 46. Rxd2 Rxd2 47. Bxd2 Kg7 48. Bc3 a5 49. Bxa5) 44... a5 45. Bxa5 (45. g6 $142 e5 46. Kf5 d2 47. Rxd2 Rd3 48. Rxd3 cxd3 49. Kxe5 Kg7 50. Kf5+ Kf8 51. Kf6) 45... Rd4+ (45... Kf7 $142 46. Bc3 e5) 46. Kh5 e5 47. Kg6 Rd5 48. Bc3 Kf8 49. Kf6 {[%cal Rh2h8]} Kg8 50. Ke6 Rd8 51. Kxe5 Kf7 52. Kf5 {White wants to mate with g6+.} Rd5+ 53. Kf4 (53. Kg4 $142 Rd6 54. Rh7+ Ke8 55. Rh6) 53... Ke6 54. Rg2 (54. g6 $142 Rd8 55. g7) 54... Kf7 55. g6+ Kg8 56. Rh2 1-0

[Event "FIDE Zonal 2.5 Open 2019"]
[Site "Montevideo"]
[Date "2019.04.16"]
[Round "5.6"]
[White "Peralta, Fernando"]
[Black "Donoso Diaz, Sebastian"]
[Result "1/2-1/2"]
[WhiteElo "2572"]
[BlackElo "2191"]
[Annotator "TA"]
[PlyCount "93"]
[EventDate "2019.04.13"]
[EventType "swiss"]
[EventCountry "URU"]
[SourceTitle "playchess.com"]
[Source "ChessBase"]
[SourceQuality "1"]

{[%evp 13,93,30,33,20,25,26,31,21,46,35,55,48,52,41,29,0,-2,-41,-40,-54,0,-83,-81,-85,-59,-85,-75,-85,-67,-78,-20,-22,0,0,0,0,366,329,372,395,394,364,385,375,356,358,474,465,454,452,797,108,141,118,137,106,120,78,165,145,157,93,89,79,106,90,86,86,86,86,91,85,78,78,214,218,212,87,106,0,0,0]} 1. d4 d5 2. c4 dxc4 3. e3 Nf6 4. Bxc4 e6 5. Nf3 a6 6. O-O b5 7. Bd3 Bb7 8. Qe2 {D26: Queen's Gambit Accepted: 4 e3 e6 5 Bxc5 c5 sidelines} Be7 9. a4 b4 10. Nbd2 {White is slightly better.} Nbd7 {[%cal Bb8d7,Bd7c5,Bc5d3][%mdl 32]} 11. e4 O-O (11... c5 12. e5 Nd5 13. Nb3 cxd4 14. Bd2 Nc5 15. Nxc5 Bxc5 16. Rac1 Be7 17. Qe4 Qd7 18. Qg4 Kf8 19. Qxd4 h6 20. h4 g6 21. Qg4 Kg7 22. Rc4 Rad8 {½-½ (22) Bauer,C (2646)-Hera,I (2619) Belgium 2018}) 12. e5 Nd5 13. Ne4 c5 14. dxc5 Qc7 $146 ({Predecessor:} 14... Nxc5 15. Nxc5 Bxc5 {1-0 (27) Estremera Panos,S (2337)-Riquelme Valero,M (2150) Linares 2018}) 15. Nd6 Nxc5 16. Ng5 h6 ({Black should try} 16... g6 $15) 17. Nxb7 (17. Bh7+ $1 $11 Kh8 18. Nxb7 Qxb7 19. Bc2) 17... Nxd3 $17 ({Avoid the trap} 17... Nxb7 $2 18. Qe4 $18) 18. Qxd3 {[%csl Gg5][%cal Rd3h7]} hxg5 19. Nd6 $1 Bxd6 20. exd6 Qxd6 21. Bxg5 Rfc8 ({Black should play} 21... Qe5 $17 22. Qd2 Rfc8) 22. Rfe1 $11 a5 23. Re4 Qa6 24. Qg3 $1 Rc4 $2 {[%mdl 8192] [#]} (24... f6 $11 {and Black has nothing to worry.} 25. Bh6 Rc7) 25. Bh6 $1 $18 {[%csl Gh6][%cal Rg3g7][%mdl 512]} g6 26. Rxc4 Qxc4 27. Qe5 {[%csl Gh6][%cal Re5g7]} f6 28. Qxe6+ Kh7 29. Bd2 Ra7 30. Qh3+ Kg8 31. Rc1 $1 {[%cal Rc1c4]} Qe2 (31... Qd4 $142 32. Qh6 Qg4) 32. Qh6 $2 (32. Rc8+ $18 {is the precise move to win.} Kf7 33. Qh7+ Ke6 34. Rc6+ Ke5 35. f4+ $1 {[%mdl 512]} Ke4 36. Qxg6+ Kd4 37. Qc2) 32... Ne7 {next ...Rd7 is good for Black.} 33. Re1 Qc4 34. h3 Qf7 35. Qf4 Kg7 (35... Rd7 $16) 36. Be3 Rd7 37. Bc5 ({Better is} 37. Qh6+ Kg8 38. Bb6) 37... Nc6 38. Bb6 Qd5 39. Rc1 $36 {[%mdl 2048] White is in control.} Ne5 40. Be3 {aiming for Qh6+.} g5 41. Qf5 Qd3 42. Qe6 {Threatens to win with Bxg5!} Qe4 {...Nf3+! is the strong threat.} 43. Kh1 b3 (43... g4 $16 {is a better defense.}) 44. Qxb3 g4 {White must now prevent ...gxh3.} 45. hxg4 (45. Rc8 $18 {[%csl Gc8][%cal Rb3g8]} Qh7 46. Bf4 gxh3 47. Bxe5 (47. Qxh3 Qxh3+ 48. gxh3 Nd3 $16) (47. Qg3+ Kf7 $16) 47... hxg2+ 48. Kxg2 Qe4+ 49. Qf3 Qxf3+ 50. Kxf3 fxe5 51. Rc5) 45... Qxg4 {[#]} 46. Qb8 (46. Qc2 $1 $16) 46... Kh7 $11 47. Rc7 {Accuracy: White = 53%, Black = 49%.} 1/2-1/2